00300 a2200109 4500082001200000100001700012245005000029260004300079300002100122500001900143650002800162 a954.902 aSaeed, Ahmed aRoznama Zemidar and Tahrik AzadicSaeed Ahmed aIslamabad:bMuqtedara Qomi Zubanc1988 a359 p. ;c24 cm. aIncludes Index aRoznama Zemidar--Index.